[Event "Dhaka Walton op"]
[Site "Dhaka"]
[Date "2022.04.06"]
[Round "3"]
[White "Noshin, Anjum"]
[Black "Gias Uddin, Ahmed"]
[Result "1-0"]
[WhiteElo "2122"]
[BlackElo "1449"]
[PlyCount "77"]
[EventDate "2022.04.04"]
[EventType "swiss"]
[EventRounds "9"]
[EventCountry "BAN"]
[SourceTitle "CBM 207 Extra"]
[Source "ChessBase"]
[SourceDate "2022.05.31"]
[SourceVersion "1"]
[SourceVersionDate "2022.05.31"]
[SourceQuality "1"]

1. e4 e5 2. Nf3 Nc6 3. Bb5 Bc5 4. 0-0 d6 5. c3 Bg4 6. d4 Bxf3 7. gxf3 exd4 8. cxd4 Bb6 9. d5 Nge7 10. dxc6 bxc6 11. Bc4 Qd7 12. f4 h5 13. Qf3 h4 14. h3 a5 15. a4 f6 16. Nc3 Bd4 17. Rd1 Bxc3 18. bxc3 Nc8 19. Be3 Ne7 20. Rab1 Qc8 21. Kh2 Qd7 22. f5 d5 23. exd5 Qxf5 24. Qxf5 Nxf5 25. dxc6 Nxe3 26. fxe3 Rh5 27. Rd7 Rc5 28. Rxg7 Rd8 29. Bf7+ Kf8 30. Rg8+ Ke7 31. Rxd8 Kxd8 32. c4 Rxc6 33. Bd5 Rb6 34. Rxb6 cxb6 35. Kg2 Ke7 36. Kf3 Kd6 37. Kg4 Kc5 38. Kxh4 b5 39. cxb5 1-0

[Event "BAN-chT 1st League"]
[Site "Dhaka"]
[Date "2022.03.15"]
[Round "6.3"]
[White "Muthaiah, Al"]
[Black "Gias Uddin, Ahmed"]
[Result "1-0"]
[WhiteElo "2403"]
[BlackElo "1833"]
[PlyCount "33"]
[EventDate "2022.03.10"]
[EventType "team-tourn"]
[EventRounds "11"]
[EventCountry "BAN"]
[SourceTitle "EXT 2023"]
[Source "ChessBase"]
[SourceDate "2022.10.05"]
[SourceVersion "1"]
[SourceVersionDate "2022.10.05"]
[SourceQuality "1"]
[WhiteTeam "Sultana Kamal Smirity Pathagar"]
[BlackTeam "Sangbadik Shahnoor Khan"]
[WhiteTeamCountry "BAN"]
[BlackTeamCountry "BAN"]

1. d4 d6 2. Nf3 g6 3. e4 Bg7 4. Nc3 c5 5. dxc5 dxc5 6. Qxd8+ Kxd8 7. Bf4 Bxc3+ 8. bxc3 Nc6 9. Ng5 Ke8 10. Bc4 e6 11. e5 h6 12. Ne4 b6 13. 0-0-0 Na5 14. Bb5+ Kf8 15. Rd8+ Kg7 16. Nd6 g5 17. Ne8+ 1-0

[Event "Dhaka Marcel 1st Division"]
[Site "Dhaka"]
[Date "2019.11.12"]
[Round "1.4"]
[White "Gias Uddin, Ahmed"]
[Black "Islam, Sheik Md Khairul"]
[Result "0-1"]
[WhiteElo "1900"]
[BlackElo "1966"]
[PlyCount "98"]
[EventDate "2019.11.12"]
[EventType "team-tourn"]
[EventRounds "9"]
[EventCountry "BAN"]
[SourceTitle "CBM 193 Extra"]
[Source "ChessBase"]
[SourceDate "2020.01.31"]
[SourceVersion "1"]
[SourceVersionDate "2020.01.31"]
[SourceQuality "1"]
[WhiteTeam "Khelaghar Daba Sangah"]
[BlackTeam "Leonine CC"]
[WhiteTeamCountry "BAN"]
[BlackTeamCountry "BAN"]

1. Nf3 c6 2. g3 d5 3. Bg2 Nd7 4. d4 Ngf6 5. 0-0 e6 6. Bf4 Be7 7. c4 Nf8 8. Nc3 Ng6 9. c5 b6 10. b4 0-0 11. Ne5 Nxe5 12. Bxe5 a5 13. a3 Ba6 14. Qc2 Nd7 15. Bf4 f5 16. Rfb1 Bc4 17. cxb6 Nxb6 18. bxa5 Rxa5 19. a4 Nc8 20. Bd2 Ra6 21. e3 Nd6 22. f3 Bf6 23. f4 h6 24. a5 Qc8 25. Na4 Bb5 26. Bb4 Be7 27. Nb6 Qe8 28. Bf1 Rf7 29. Bxd6 Bxd6 30. Bxb5 cxb5 31. Qb3 b4 32. Qd3 Raa7 33. Rc1 Rfc7 34. Kg2 Bf8 35. Rxc7 Rxc7 36. a6 Ra7 37. Rc1 Qb8 38. Rc6 Qe8 39. Rc8 Qe7 40. Qb5 Kh7 41. Rb8 Qf7 42. Nc8 Rc7 43. Qe2 b3 44. Kh3 Rc2 45. Qd1 g5 46. fxg5 hxg5 47. Rb7 g4+ 48. Kh4 Rxh2+ 49. Kg5 Bh6# 0-1

[Event "BAN Walton 1st League"]
[Site "Dhaka"]
[Date "2018.10.27"]
[Round "3.2"]
[White "Gias Uddin, Ahmed"]
[Black "Rakesh, Kumar Jena"]
[Result "1-0"]
[WhiteElo "2003"]
[BlackElo "2388"]
[PlyCount "93"]
[EventDate "2018.10.25"]
[EventType "team-tourn"]
[EventRounds "11"]
[EventCountry "BAN"]
[SourceTitle "CBM 187 Extra"]
[Source "ChessBase"]
[SourceDate "2018.11.04"]
[SourceVersion "1"]
[SourceVersionDate "2018.11.04"]
[SourceQuality "1"]
[WhiteTeam "Leonine CC"]
[BlackTeam "Janata Bank Officer Welfare"]
[WhiteTeamCountry "BAN"]
[BlackTeamCountry "BAN"]

1. e4 d6 2. d4 g6 3. Nc3 Bg7 4. Be3 a6 5. Qd2 b5 6. f3 Bb7 7. a3 Nd7 8. Nge2 Nb6 9. b3 h5 10. h4 Nf6 11. Rd1 Rc8 12. g3 Nfd7 13. Bh3 e6 14. 0-0 0-0 15. Bg5 Bf6 16. g4 hxg4 17. fxg4 Bxg5 18. hxg5 Qe7 19. Ng3 Kg7 20. Nf5+ exf5 21. exf5 f6 22. Rde1 Qd8 23. gxf6+ Rxf6 24. g5 Rf7 25. f6+ Kh8 26. Re2 Rh7 27. Rh2 Nf8 28. Re1 c5 29. Re7 Rc7 30. dxc5 Rcxe7 31. fxe7 Qxe7 32. cxb6 Qe5 33. Ne2 Kg8 34. Qf4 Qd5 35. Nc3 Qc6 36. Qe3 d5 37. Qd4 Qe8 38. Re2 Qd8 39. Bg2 Qxg5 40. Nxd5 Qc1+ 41. Kf2 Rh2 42. c4 bxc4 43. bxc4 Ne6 44. Rxe6 Qc2+ 45. Ke1 Qb1+ 46. Qd1 Rxg2 47. Qxb1 1-0

[Event "Dhaka Walton op"]
[Site "Dhaka"]
[Date "2018.05.31"]
[Round "6"]
[White "Mohammad, Javed"]
[Black "Gias Uddin, Ahmed"]
[Result "1-0"]
[WhiteElo "2127"]
[BlackElo "2003"]
[PlyCount "49"]
[EventDate "2018.05.26"]
[EventType "swiss"]
[EventRounds "9"]
[EventCountry "BAN"]
[SourceTitle "CBM 184 Extra"]
[Source "ChessBase"]
[SourceDate "2018.06.28"]
[SourceVersion "1"]
[SourceVersionDate "2018.06.28"]
[SourceQuality "1"]

1. e4 e5 2. Nf3 Nc6 3. Bc4 h6 4. d4 exd4 5. 0-0 Bc5 6. c3 dxc3 7. Bxf7+ Kxf7 8. Qd5+ Kf8 9. Qxc5+ d6 10. Qxc3 Qf6 11. Qb3 g5 12. Nc3 Rh7 13. Nd5 Qd8 14. Qc3 g4 15. Nd4 Ne5 16. f4 Ng6 17. f5 Ne5 18. Ne6+ Bxe6 19. fxe6+ Ke8 20. Bf4 c6 21. Bxe5 cxd5 22. Bg7 Qb6+ 23. Kh1 d4 24. Rf8+ Ke7 25. Rf7+ 1-0

[Event "Dhaka IRT U2000"]
[Site "Dhaka"]
[Date "2018.02.14"]
[Round "1"]
[White "Md Shamsul, Haque"]
[Black "Gias Uddin, Ahmed"]
[Result "0-1"]
[WhiteElo "1746"]
[BlackElo "1982"]
[PlyCount "94"]
[EventDate "2018.02.14"]
[EventType "swiss"]
[EventRounds "9"]
[EventCountry "BAN"]
[SourceTitle "EXT 2024"]
[Source "ChessBase"]
[SourceDate "2023.10.10"]
[SourceVersion "1"]
[SourceVersionDate "2023.10.10"]
[SourceQuality "1"]

1. f4 d6 2. e4 Nd7 3. d4 g6 4. Nf3 Bg7 5. c3 c6 6. Bc4 e6 7. 0-0 d5 8. exd5 cxd5 9. Bb5 a6 10. Bd3 Ne7 11. Ne5 0-0 12. Qe2 Nf6 13. g4 Ne8 14. b3 f6 15. Nf3 Nd6 16. Ba3 Re8 17. Nbd2 Nc6 18. Bxd6 Qxd6 19. f5 gxf5 20. gxf5 e5 21. dxe5 fxe5 22. Ng5 Qh6 23. Qg2 e4 24. f6 Re5 25. Ndxe4 Bf5 26. Rxf5 Rxf5 27. Qg4 Qg6 28. fxg7 dxe4 29. Bc4+ Kxg7 30. h4 h6 31. Ne6+ Kf6 32. Qxg6+ Kxg6 33. Re1 b5 34. Bf1 Kf6 35. Nc7 Ra7 36. Ne8+ Ke5 37. Rd1 Re7 38. Nd6 Rf6 39. Nc8 Rg7+ 40. Kh2 Rf2+ 41. Kh1 e3 42. Re1 Kf4 43. Nb6 Kf3 44. Nd5 e2 45. Bh3 Rg3 46. Bd7 Rf1+ 47. Kh2 Rxe1 0-1

[Event "BAN-chT"]
[Site "Dhaka"]
[Date "2017.12.09"]
[Round "1.2"]
[White "Ahmed, Sk Nasir"]
[Black "Gias Uddin, Ahmed"]
[Result "1-0"]
[WhiteElo "2284"]
[BlackElo "1971"]
[PlyCount "47"]
[EventDate "2017.12.09"]
[EventType "team-tourn"]
[EventRounds "11"]
[EventCountry "BAN"]
[SourceTitle "CBM 182 Extra"]
[Source "ChessBase"]
[SourceDate "2018.02.23"]
[SourceVersion "1"]
[SourceVersionDate "2018.02.23"]
[SourceQuality "1"]
[WhiteTeam "Bangladesh Navy"]
[BlackTeam "Access"]
[WhiteTeamCountry "BAN"]
[BlackTeamCountry "BAN"]

1. e4 d6 2. d4 g6 3. Nc3 Bg7 4. Bg5 h6 5. Bh4 c6 6. Qd2 b5 7. f4 Qa5 8. Nf3 a6 9. Be2 Bb7 10. 0-0 b4 11. Nd1 c5 12. dxc5 dxc5 13. e5 Qc7 14. Ne3 Qd7 15. Bd3 Nc6 16. e6 Qxe6 17. f5 gxf5 18. Bxf5 Qd6 19. Qxd6 exd6 20. Nc4 Nd4 21. Nxd6+ Kf8 22. Nxd4 Bxd4+ 23. Kh1 Bd5 24. Be4 1-0

[Event "BAN-chB 43rd"]
[Site "Dhaka"]
[Date "2017.11.17"]
[Round "11"]
[White "Hanif, Mollah"]
[Black "Gias Uddin, Ahmed"]
[Result "0-1"]
[WhiteElo "1824"]
[BlackElo "2000"]
[PlyCount "86"]
[EventDate "2017.11.07"]
[EventType "swiss"]
[EventRounds "11"]
[EventCountry "BAN"]
[SourceTitle "CBM 181 Extra"]
[Source "ChessBase"]
[SourceDate "2017.12.12"]
[SourceVersion "1"]
[SourceVersionDate "2017.12.12"]
[SourceQuality "1"]

1. e4 c5 2. Nf3 d6 3. Bb5+ Bd7 4. Qe2 e6 5. 0-0 a6 6. Bxd7+ Nxd7 7. c3 Qc7 8. d4 c4 9. Nbd2 Rc8 10. Re1 h6 11. Nf1 g6 12. h3 Bg7 13. Bf4 Ne7 14. Qd2 e5 15. Bh2 0-0 16. Rad1 Rfd8 17. Qe2 Nf8 18. Rd2 Re8 19. Red1 f6 20. dxe5 dxe5 21. Ne3 Qc5 22. Bg3 b5 23. a3 Qa7 24. Rd6 Nc6 25. Qd2 Kh7 26. Qd5 Na5 27. Ng4 Rc5 28. Qd2 Nb3 29. Qe3 Re6 30. Rxe6 Nxe6 31. Nh4 h5 32. Nh2 Bh6 33. Qf3 Nf4 34. Bxf4 exf4 35. g4 fxg3 36. Qxf6 gxh2+ 37. Kxh2 Qc7+ 38. Kh1 Rc6 39. Qf3 Nd2 40. Qg2 Qf4 41. e5 Re6 42. Qb7+ Bg7 43. Ng2 Qf3 0-1